000 00380cam a22001454a 4500
020 _a0821349805 (pbk.)
040 _cDLC
082 0 0 _a338 WOR 2002 A076 Or.
100 1 _aStern, N. H.
245 1 2 _aA strategy for development /
260 _aWashington, D.C. :
_bWorld Bank,
_cc2002.
300 _avi, 194 p. :
_bill. ;
_c23 cm.
650 0 _aDevelopment economics.
942 _cEK
999 _c15287
_d15287